000 01276nam a22002898a 4500
005 20080321145305.0
008 080321s2009 nyu 000 0 eng
010 _aENG-91792
020 _a9780070139206
_c325.00
020 _a0070139202
_c325.00
035 _aEN-75325
037 _bDBAD / PUB
040 _adpl
_bEnglish
082 _a658.4092
100 _aSanders, Dan J.
245 _aEquipped to lead :
_bmanaging people, partners, processes, and performance /
_cby Dan J. Sanders and Galen Walters.
260 _aNew Delhi
_bTata McGraw-Hill Publsihing
_c2009
300 _axxiii, 241p.
_c20cm (pbk)
500 _aIncludes index
505 _aReal pervasive chaos -- Contained passion, regrettably -- Call to order! -- People, human beings -- Process: blocking and tackling -- Partners: human beings, too -- Performance (yes, profit) -- Call to action! -- Measurements that matter -- Success and we
650 _aManagement.
650 _aLeadership.
650 _aSuccess in business.
700 _aWalters, Galen.
942 _2ddc
_cEN
_h658.4092
_mSAN
999 _c19029
_d19029